| 000 | 01310cam a22003131 4500 | ||
|---|---|---|---|
| 001 | mostlyinclover00boyl | ||
| 003 | CaSfIA | ||
| 005 | 20210118190737.0 | ||
| 007 | cr|||| | ||
| 008 | 751014t19641961nyua 000 1 eng | ||
| 035 | _9(DLC) 64005267 | ||
| 856 | 4 | 1 |
_uhttp://www.archive.org/details/mostlyinclover00boyl _zFree eBook from the Internet Archive |
| 856 | 4 | 2 |
_uhttp://www.openlibrary.org/books/OL5906178M _zAdditional information and access via Open Library |
| 010 | _a 64005267 | ||
| 035 | _a(OCoLC)1703394 | ||
| 040 |
_aDLC _cFM _dDLC _dCaSfIA |
||
| 042 | _apremarc | ||
| 050 | 0 | 0 |
_aCT310.B69 _bA3 1964 |
| 082 | _a818.54 | ||
| 100 | 1 | _aBoyle, Harry J. | |
| 245 | 1 | 0 |
_aMostly in clover _h[electronic resource] _c[by] Harry J. Boyle. With a foreword by Burton T. Richardson. |
| 260 |
_aNew York, _bDutton _c[1964, c1961] |
||
| 300 |
_ax, 227 p. _billus. _c24 cm. |
||
| 504 | _aAutobiographical. | ||
| 500 | _aSequel: Homebrew and patches. | ||
| 942 | _cEB | ||
| 506 | _fНеобхідна авторизація на https://archive.org/ (створення облікового запису безкоштовно) | ||
| 506 | _fНеобхідна авторизація на https://openlibrary.org/ (створення облікового запису безкоштовно) | ||
| 999 |
_c527152 _d527152 |
||